000 01505cam a2200409 i 4500
999 _c1703
_d1703
001 (Sirsi) a1178286
003 OSt
005 20230120111341.0
008 210728t20192019nyua b 000 j eng d
020 _a9780062675378
_q(paperback) :
040 _aJEN
_beng
_cTAE
_erda
_dKH8
042 _anbic
082 0 _a813.6 DEA
100 1 _aDean, Kim,
_d1969-
_eauthor.
245 1 0 _aPete the Cat's trip to the supermarket /
_cby Kimberly & James Dean.
246 3 0 _aTrip to the supermarket.
250 _aFirst Edition.
264 1 _aNew York, NY :
_bHarper, an imprint of HarperCollinsPublishers,
_c[2019]
264 4 _c©2019.
300 _a32 pages :
_bcolor illustrations ;
_c24 cm.
336 _atext
_btxt
_2rdacontent.
336 _astill image
_bsti
_2rdacontent.
337 _aunmediated
_bn
_2rdamedia.
338 _avolume
_bnc
_2rdacarrier.
490 0 _aI can read! 1, Beginning reading.
490 1 _aPete the Cat.
520 _aPete the Cat, Bob, and Dad go to the supermarket. But what happens when Dad loses their grocery list along the way? It's up to Pete and Bob to help remind Dad what was on their list!
521 1 _aAges 4-8.
600 0 0 _aPete,
_cthe Cat (Fictitious character)
_vJuvenile fiction.
650 0 _aCats
_vJuvenile fiction.
650 0 _aShopping
_vJuvenile fiction.
650 0 _aSupermarkets
_vJuvenile fiction.
650 0 _aHumorous stories.
700 1 _aDean, James,
_d1957-
_eauthor,
_eillustrator.
830 0 _aPete the cat.
942 _2ddc
_cNFIC